| 000 | 00840nam a2200229 i 4500 | ||
|---|---|---|---|
| 001 | 100249 | ||
| 003 | ES-MaACL | ||
| 005 | 20250331063055.0 | ||
| 007 | t| | ||
| 008 | 050923m19751981sp ||||1| spa d | ||
| 100 | 1 |
_aMarx, Karl, _d1818-1883 _978590 |
|
| 245 | 1 | 3 |
_aEl Capital _b: crítica de la economía política / _cKarl Marx; edición a cargo de Pedro Scarón. |
| 250 | _a[2ª ed.]. | ||
| 260 |
_aMadrid : _bSiglo Veintiuno, _c1975-81. |
||
| 300 |
_a3 t. en 8 v. ; _c20 cm. |
||
| 490 | 1 | _aBiblioteca del pensamiento socialista | |
| 505 | 8 | _aContiene: V. 1, 2 y 3.-- Libro Primero . 3 v., V. 4 y 5.-- Libro Segundo. 2 v., V. 6, 7 y 8.-- Libro Tercero. 3 v. | |
| 700 | 1 |
_aScarón, Pedro. _9104150 |
|
| 830 | 0 |
_aBiblioteca del pensamiento socialista _9184563 |
|
| 852 |
_aES-MaACL _jL-4563-70 _bR.93118 |
||
| 999 |
_c100249 _d100249 |
||